Sports Quiz

Random Sports or NFL Quiz

NFL Coaching Wins Quiz Stats

 Plays Quiz Updated Jan 4, 2021

Support Sporcle.
Go Orange.
Score 0/20 Timer 06:00
4 Plays Today
Wins Coach % Correct
280*Bill Belichick
81.4%
328Don Shula
80%
250Tom Landry
69.5%
172Bill Parcells
67.5%
149Bill Cowher
57.1%
193Chuck Noll
53.9%
161Mike Holmgren
50.7%
154Joe Gibbs
50.2%
170Mike Shanahan
48.4%
170Tom Coughlin
48.4%
Wins Coach % Correct
318George Halas
46%
173Jeff Fisher
40.2%
213Paul Brown
36.9%
200Marty Schottenheimer
33.9%
221*Andy Reid
33.7%
190Dan Reeves
33.6%
226Curly Lambeau
29.4%
158Bud Grant
26.3%
186Chuck Knox
23.2%
151Steve Owen
8.1%

From the Vault

60 Second Blitz: Element Symbols

by Pengwn

Science 60s
You might feel a little cocky after knocking out the single letter elements....don't.
Remove Ads.
Support Sporcle.
Get the best of Sporcle when you Go Orange. This ad-free experience offers more features, more stats, and more fun while also helping to support Sporcle. Thank you for becoming a member.

Show Comments

Extras

Top Quizzes Today


Score Distribution

Your Account Isn't Verified!

In order to create a playlist on Sporcle, you need to verify the email address you used during registration. Go to your Sporcle Settings to finish the process.

Report this User

Report this user for behavior that violates our Community Guidelines.

Details: